Sports Quiz

Random Sports or Play Quiz

NBA: Greatest Teams if Draftees Never Left Quiz Stats

 Plays Quiz not verified by Sporcle

Score 0/96 Timer 11:00
1 Play Today
Hint Answer % Correct
2013 Oklahoma City Thunder (73-9)Kevin Durant
91.4%
2013 Oklahoma City Thunder (73-9)James Harden
90.4%
2013 Oklahoma City Thunder (73-9)Russell Westbrook
88.8%
2010 Cleveland Cavaliers (63-19)LeBron James
71.9%
2013 Oklahoma City Thunder (73-9)Serge Ibaka
70%
1992 Chicago Bulls (60-22)Michael Jordan
67.3%
1981 Milwaukee Bucks (73-9)Kareem Abdul-Jabbar
65.3%
1995 Seattle Supersonics (64-18)Scottie Pippen
63.9%
1995 Seattle Supersonics (64-18)Gary Payton
55.9%
1989 Utah Jazz (63-19)Karl Malone
52.7%
1995 Seattle Supersonics (64-18)Shawn Kemp
50.8%
1989 Utah Jazz (63-19)John Stockton
49.1%
1989 Cleveland Cavaliers (63-19)Kevin Johnson
47.9%
1981 Milwaukee Bucks (73-9)Marques Johnson
47.7%
1995 Seattle Supersonics (64-18)Ervin Johnson
47.7%
1969 Baltimore Bullets (62-20)Gus Johnson
47.7%
1967 San Francisco Warriors (63-19)Wilt Chamberlain
44.3%
1997 Golden State Warriors (63-19)Tim Hardaway
35.2%
1997 Golden State Warriors (63-19)Penny Hardaway
35.1%
2013 Oklahoma City Thunder (73-9)Nick Collison
33.6%
1989 Cleveland Cavaliers (63-19)Hot Rod Williams
33.1%
1997 Golden State Warriors (63-19)Chris Mullin
32.7%
2013 Oklahoma City Thunder (73-9)Reggie Jackson
31.1%
1970 New York Knicks (62-20)Willis Reed
30.2%
1992 Chicago Bulls (60-22)Horace Grant
29.8%
1997 Golden State Warriors (63-19)Joe Smith
28.2%
1967 San Francisco Warriors (63-19)Rick Barry
27.2%
1981 Milwaukee Bucks (73-9)Sidney Moncrief
27%
2010 Cleveland Cavaliers (63-19)Andre Miller
25.5%
1970 New York Knicks (62-20)Johnny Green
25.4%
1997 Golden State Warriors (63-19)Mitch Richmond
23.9%
1989 Cleveland Cavaliers (63-19)Brad Daugherty
23.4%
Hint Answer % Correct
1992 Phoenix Suns (65-17)Jeff Hornacek
23.3%
1981 Milwaukee Bucks (73-9)Julius Erving
23.1%
2010 Cleveland Cavaliers (63-19)Carlos Boozer
22.7%
1992 Phoenix Suns (65-17)Steve Kerr
22.7%
1969 Baltimore Bullets (62-20)Wes Unseld
22.1%
1992 Phoenix Suns (65-17)Larry Nance
21.9%
1981 Milwaukee Bucks (73-9)Alex English
20.9%
1992 Chicago Bulls (60-22)B.J. Armstrong
20%
1989 Utah Jazz (63-19)Dominique Wilkins
19.9%
1969 Baltimore Bullets (62-20)Earl Monroe
19.6%
1989 Cleveland Cavaliers (63-19)Ron Harper
18.6%
1992 Chicago Bulls (60-22)Stacey King
17.6%
1970 New York Knicks (62-20)Cazzie Russell
17.1%
1992 Phoenix Suns (65-17)Dan Majerle
16.8%
1989 Cleveland Cavaliers (63-19)Charles Oakley
15.7%
1970 New York Knicks (62-20)Bill Bradley
14.7%
2010 Cleveland Cavaliers (63-19)Shannon Brown
12.6%
1992 Chicago Bulls (60-22)Mike Brown
12.6%
1981 Milwaukee Bucks (73-9)Pat Cummings
12.4%
1967 San Francisco Warriors (63-19)Nate Thurmond
11.8%
2010 Cleveland Cavaliers (63-19)Jamal Crawford
11.8%
1970 New York Knicks (62-20)Freddie Crawford
11.8%
1997 Golden State Warriors (63-19)Latrell Sprewell
10.3%
2010 Cleveland Cavaliers (63-19)Brendan Haywood
9.8%
1997 Golden State Warriors (63-19)Tyrone Hill
9.4%
1969 Baltimore Bullets (62-20)Walt Bellamy
8.7%
1989 Utah Jazz (63-19)Danny Schayes
8.6%
1989 Cleveland Cavaliers (63-19)Bill Laimbeer
8.5%
2013 Oklahoma City Thunder (73-9)Eric Bledsoe
7.5%
1989 Cleveland Cavaliers (63-19)Ron Anderson
7.3%
1989 Utah Jazz (63-19)Darrell Griffith
7.3%
2010 Cleveland Cavaliers (63-19)Daniel Gibson
7.1%
Hint Answer % Correct
1995 Seattle Supersonics (64-18)Nate McMillan
6.5%
1969 Baltimore Bullets (62-20)Jerry Sloan
4.5%
1967 San Francisco Warriors (63-19)Clyde Lee
4.3%
1989 Utah Jazz (63-19)Thurl Bailey
4.1%
1992 Chicago Bulls (60-22)Olden Polynice
3.9%
1992 Chicago Bulls (60-22)Orlando Woolridge
3.7%
1995 Seattle Supersonics (64-18)Dana Barros
3.6%
1995 Seattle Supersonics (64-18)Derrick McKey
3.4%
1992 Chicago Bulls (60-22)Will Perdue
3.4%
1997 Golden State Warriors (63-19)Chris Gatling
2.8%
1969 Baltimore Bullets (62-20)Don Nelson
2.7%
1967 San Francisco Warriors (63-19)Guy Rodgers
2.2%
1970 New York Knicks (62-20)Dick Van Arsdale
1.9%
2010 Cleveland Cavaliers (63-19)J.J. Hickson
1.7%
1992 Phoenix Suns (65-17)Andrew Lang
1.6%
1992 Phoenix Suns (65-17)Armen Gilliam
1.3%
1981 Milwaukee Bucks (73-9)Swen Nater
1.3%
1995 Seattle Supersonics (64-18)Jud Buechler
1.1%
1981 Milwaukee Bucks (73-9)Quinn Buckner
0.9%
1989 Cleveland Cavaliers (63-19)Johnny Newman
0.9%
1969 Baltimore Bullets (62-20)Jack Marin
0.9%
2013 Oklahoma City Thunder (73-9)Quincy Pondexter
0.8%
1992 Phoenix Suns (65-17)Ed Pinckney
0.8%
1967 San Francisco Warriors (63-19)Tom Meschery
0.7%
1992 Phoenix Suns (65-17)Jay Humphries
0.7%
1967 San Francisco Warriors (63-19)Larry Costello
0.5%
1967 San Francisco Warriors (63-19)Don Ohl
0.4%
1969 Baltimore Bullets (62-20)Don Kojis
0.3%
1970 New York Knicks (62-20)Darrall Imhoff
0.3%
1970 New York Knicks (62-20)Dave Stallworth
0.3%
1989 Utah Jazz (63-19)Eric Leckner
0.2%
1989 Utah Jazz (63-19)John Shasky
0.2%

You're not logged in!

Compare scores with friends on all Sporcle quizzes.
OR
Log In

Sporcle TV

Today on Sporcle TV


Watch our educational content, quiz creation guides, and fun videos on Sporcle TV.

Show Comments

Extras

Top Quizzes Today


Score Distribution

Your Account Isn't Verified!

In order to create a playlist on Sporcle, you need to verify the email address you used during registration. Go to your Sporcle Settings to finish the process.

Report this User

Report this user for behavior that violates our Community Guidelines.

Details: